000 00291nam a22001337a 4500
008 170714b xxu||||| |||| 00| 0 eng d
020 _a9780130485618
041 _aeng
080 _a101
100 _a26
101 _aFIL
245 _aFROM PLATO TO DERRIDA
_cBAIRD, F.B
942 _2udc
_cBK
999 _c20919
_d20919